| 000 | 004070000a22001570004500 | ||
|---|---|---|---|
| 003 | LK-CoMWRAF | ||
| 008 | 230817t ||||| |||| 00| 0 eng d | ||
| 040 |
_aLK-CoMWRAF _dLK-CoMWRAF _eLK-CoMWRAF |
||
| 041 | _aeng | ||
| 100 | _aShajahan, Fathima | ||
| 245 |
_aManpumiku Muslim Penmanigal _b |
||
| 260 |
_bUniversal Publishers _aChennai (India) _c1983 |
||
| 300 | _ap.52 | ||
| 650 | _aTamil Text | ||
| 942 | _cBK | ||
| 999 |
_c2319 _d2319 |
||